| 000 | 00653nam a2200217 u 4500 | ||
|---|---|---|---|
| 005 | 20230615063554.0 | ||
| 008 | 130320s2010 r 000 0 eng d | ||
| 020 | _a9789876670159 | ||
| 035 | _aUPN01000190397 | ||
| 049 | _aCG | ||
| 050 | 4 |
_aBF576 _bG3.4 |
|
| 100 | 1 |
_aGamboa de Vitelleschi, Susana _931594 |
|
| 245 | 1 | 0 |
_aInteligencia emocional : _bjuegos y dinámicas para grupos / _cSusana Gamboa de Vitelleschi. |
| 260 |
_aBuenos Aires : _bBonum, _c2010. |
||
| 300 |
_a294 p. : _bil. |
||
| 440 | 0 | _aJuegos y dinámicas | |
| 650 | 7 |
_aInteligencia emocional _2 _91394 |
|
| 650 | 4 |
_aDinámica de grupos _96712 |
|
| 905 | _aLibro | ||
| 999 |
_c162500 _d162500 |
||